000 00305nam a2200121Ia 4500
008 190216s9999||||xx |||||||||||||| ||und||
100 _aDustoor P E&Amp; Dustoor Homai P
245 4 _aThe Poet`S Pen
260 _bOxford University Press
_c1972
300 _a199p
650 _aEnglish Poetry
942 _cBK
999 _c12499
_d12499